000
00373nam a2200133 4500
008
b xx# fre u
040
_a
LB-BrCRDP
082
1
_a
150
_b
FRE
100
1
_a
Freud, Sigmund
245
1
0
_a
Totem et Tabou
_c
Sigmund Freud, Serge Jankélévitch
700
1
_a
Jankélévitch, Serge
942
_c
BK
999
_c
9988
_d
9988